Egy év, amely felrázta a világot 1968

Bibliographic Details
Format: Article
Language:Hungarian
PhysicalDescription:Fotogr.
ISSN:1335-6631
Subjects:

MARC

LEADER 00000nab a2200000 ar4500
001 vtls009317911
003 SK-MaSNL
005 20260318114627.0
008 080804c2008 xo |||||||| 000 b|hun
015 |a SNBRB2008/08  |2 snkbucl 
038 |a SNKBUCL 
040 |a DSZK  |b slo  |c DSZK  |e AACR2 
041 0 |a hun 
044 |a xo  |c SK 
080 |a 94(437)  |x "1968"  |2 2001 
080 |a 323  |x (437)  |x "1968"  |2 2001 
245 0 0 |a Egy év, amely felrázta a világot  |b 1968  |c [szerző] J. P. 
300 |b Fotogr. 
648 7 |a 1968  |2 snkbucl  |9 297881 
650 0 7 |a August (1968 : Československo)  |2 snkbucl  |9 68467 
650 0 7 |a vnútorná politika  |2 snkbucl  |9 970 
651 7 |a Československo  |2 snkbucl  |9 21376 
655 7 |a interpretácie  |2 snkbucl  |9 424030 
773 0 |t Szabad újság  |g Évf. XVI, sz. 31 (2008), o. 1 és 3  |x 1335-6631 
852 |a SNK  |b KIS3GCP 
852 |a DSZK  |b KIS3GCP 
958 |a HU 
958 |a SK 
958 |a CZ 
999 |c 3280749  |d 3282679